[Event "VIE-chT"]
[Site "Ho Chi Minh City"]
[Date "2017.07.24"]
[Round "1.25"]
[White "Vu, Phi Hung"]
[Black "Nguyen, Dang Hong Phuc"]
[Result "1-0"]
[WhiteElo "2022"]
[BlackElo "2169"]
[PlyCount "51"]
[EventDate "2017.07.24"]
[EventType "team-swiss"]
[EventRounds "9"]
[EventCountry "VIE"]
[SourceTitle "EXT 2019"]
[Source "ChessBase"]
[SourceDate "2018.10.10"]
[SourceVersion "1"]
[SourceVersionDate "2018.10.10"]
[SourceQuality "1"]

1. e4 c5 2. Nf3 d6 3. d4 cxd4 4. Nxd4 Nf6 5. Nc3 a6 6. Be2 e6 7. 0-0 Be7 8. Be3 Qc7 9. f4 0-0 10. Qe1 Nc6 11. Qg3 Re8 12. Rad1 Bd7 13. Nf3 Nb4 14. e5 dxe5 15. fxe5 Nxc2 16. Bf2 Nh5 17. Qg4 g6 18. Rc1 f5 19. exf6 Nxf6 20. Qh4 Nb4 21. Ng5 Nc6 22. Nce4 h5 23. Nxf6+ Bxf6 24. Qe4 Re7 25. Qxg6+ Rg7 26. Qxf6 1-0

[Event "VIE-ch"]
[Site "Bac Giang"]
[Date "2016.06.22"]
[Round "2"]
[White "Vu, Phi Hung"]
[Black "Huynh, Quoc An"]
[Result "1-0"]
[WhiteElo "2051"]
[BlackElo "1920"]
[PlyCount "75"]
[EventDate "2016.06.22"]
[EventType "swiss"]
[EventRounds "9"]
[EventCountry "VIE"]
[SourceTitle "EXT 2017"]
[Source "ChessBase"]
[SourceDate "2016.10.25"]
[SourceVersion "1"]
[SourceVersionDate "2016.10.25"]
[SourceQuality "1"]

1. e4 e5 2. Nf3 Nc6 3. Bb5 a6 4. Ba4 Nf6 5. 0-0 Be7 6. Re1 b5 7. Bb3 d6 8. c3 Bg4 9. h3 Bh5 10. d3 0-0 11. Nbd2 Na5 12. Bc2 c5 13. Nf1 Nc6 14. Ng3 Bg6 15. Nh4 h6 16. Nhf5 Re8 17. Nxe7+ Qxe7 18. Qf3 a5 19. a4 b4 20. Bb3 Rab8 21. Bc4 Nd8 22. Nf5 Bxf5 23. exf5 Kh7 24. Bb5 Rf8 25. d4 cxd4 26. cxd4 Qc7 27. dxe5 dxe5 28. Qg3 Nc6 29. Be3 Na7 30. Rac1 Qb7 31. Bc4 e4 32. Red1 Rbd8 33. Qh4 Qe7 34. g4 Rxd1+ 35. Rxd1 Nc8 36. g5 Ng8 37. Rd4 Nd6 38. g6+ 1-0

[Event "VIE-ch U20"]
[Site "Da Lat"]
[Date "2013.07.??"]
[Round "7"]
[White "Bui, Manh Hung"]
[Black "Vu, Phi Hung"]
[Result "0-1"]
[WhiteElo "1793"]
[BlackElo "2093"]
[PlyCount "64"]
[EventDate "2013.07.13"]
[EventType "swiss"]
[EventRounds "9"]
[EventCountry "VIE"]
[SourceTitle "EXT 2014"]
[Source "ChessBase"]
[SourceDate "2013.11.20"]
[SourceVersion "1"]
[SourceVersionDate "2013.11.20"]
[SourceQuality "1"]

1. e4 c5 2. Nf3 e6 3. d4 cxd4 4. Nxd4 a6 5. Nc3 Qc7 6. a3 Nf6 7. Be3 b5 8. Bd3 Bb7 9. f3 d5 10. exd5 Nxd5 11. Nxd5 Bxd5 12. Qd2 Bd6 13. Bxb5+ Nd7 14. Bxd7+ Qxd7 15. 0-0 0-0 16. Rfc1 Rac8 17. Ne2 Qe7 18. Nf4 Bb7 19. Qf2 e5 20. Ne2 f5 21. c4 f4 22. Bb6 e4 23. Bd4 Rf5 24. Kh1 Rh5 25. Rc3 Qe6 26. Rac1 Qh6 27. Qg1 Be7 28. c5 Bd5 29. Rf1 Rf8 30. b4 Bh4 31. Bf2 exf3 32. gxf3 Rg5 0-1

[Event "VIE-ch U20"]
[Site "Da Lat"]
[Date "2013.07.??"]
[Round "6"]
[White "Vu, Phi Hung"]
[Black "Bo Huynh Nhat, Truong"]
[Result "1-0"]
[WhiteElo "2093"]
[BlackElo "1922"]
[PlyCount "67"]
[EventDate "2013.07.13"]
[EventType "swiss"]
[EventRounds "9"]
[EventCountry "VIE"]
[SourceTitle "EXT 2014"]
[Source "ChessBase"]
[SourceDate "2013.11.20"]
[SourceVersion "1"]
[SourceVersionDate "2013.11.20"]
[SourceQuality "1"]

1. e4 c5 2. c3 Nc6 3. d4 cxd4 4. cxd4 e6 5. Nf3 Nf6 6. Nc3 Bb4 7. Bd3 d5 8. e5 Ne4 9. Bd2 Nxd2 10. Qxd2 f6 11. exf6 Qxf6 12. 0-0 0-0 13. Rae1 g6 14. Bb1 Bd6 15. a3 a5 16. Na4 Bc7 17. Qc3 Qf4 18. Nc5 Qd6 19. Ne5 Rf4 20. g3 Rf8 21. f4 Bb6 22. Rc1 a4 23. Kg2 Ne7 24. g4 Ba5 25. Qe3 Bd8 26. h4 b6 27. Ncd3 Ba6 28. Rh1 Rc8 29. Rxc8 Nxc8 30. h5 g5 31. fxg5 Kg7 32. h6+ Kg8 33. g6 Rf6 34. gxh7+ 1-0

[Event "VIE-ch U20"]
[Site "Da Lat"]
[Date "2013.07.??"]
[Round "2"]
[White "Vu, Phi Hung"]
[Black "Nguyen, Phuoc Tam"]
[Result "0-1"]
[WhiteElo "2093"]
[BlackElo "2070"]
[PlyCount "98"]
[EventDate "2013.07.13"]
[EventType "swiss"]
[EventRounds "9"]
[EventCountry "VIE"]
[SourceTitle "EXT 2014"]
[Source "ChessBase"]
[SourceDate "2013.11.20"]
[SourceVersion "1"]
[SourceVersionDate "2013.11.20"]
[SourceQuality "1"]

1. e4 c5 2. c3 d5 3. exd5 Qxd5 4. d4 Nc6 5. Nf3 Bg4 6. Be2 e6 7. Be3 cxd4 8. cxd4 Bb4+ 9. Nc3 Nf6 10. 0-0 Bxc3 11. bxc3 0-0 12. c4 Qa5 13. Qb3 b6 14. h3 Bh5 15. Rfe1 Rfd8 16. Rad1 Rac8 17. Bd2 Qa6 18. d5 Bxf3 19. Bxf3 Nd4 20. Qd3 Qxc4 21. Qxc4 Nxf3+ 22. gxf3 Rxc4 23. dxe6 fxe6 24. Rc1 Rxc1 25. Bxc1 Kf7 26. Bf4 Nd5 27. Be5 Rc8 28. Re2 Rc4 29. Rd2 g6 30. Kg2 a5 31. Rb2 Ke8 32. Kg3 Kd7 33. f4 Kc6 34. Re2 b5 35. Kg4 h6 36. h4 b4 37. h5 gxh5+ 38. Kxh5 Nxf4+ 39. Bxf4 Rxf4 40. Rxe6+ Kb5 41. Re2 Rf6 42. Kg4 a4 43. Re5+ Kc4 44. Ra5 a3 45. f4 Kc3 46. Rb5 Rg6+ 47. Kf3 Rg1 48. f5 Rb1 49. Ke2 b3 0-1

[Event "VIE-ch U20"]
[Site "Da Lat"]
[Date "2013.07.??"]
[Round "4"]
[White "Vu, Phi Hung"]
[Black "Vu, Quang Quyen"]
[Result "1-0"]
[WhiteElo "2093"]
[BlackElo "1943"]
[PlyCount "55"]
[EventDate "2013.07.13"]
[EventType "swiss"]
[EventRounds "9"]
[EventCountry "VIE"]
[SourceTitle "EXT 2014"]
[Source "ChessBase"]
[SourceDate "2013.11.20"]
[SourceVersion "1"]
[SourceVersionDate "2013.11.20"]
[SourceQuality "1"]

1. e4 e6 2. d4 d5 3. Nc3 dxe4 4. Nxe4 Nd7 5. Nf3 Ngf6 6. Ng3 Bd6 7. Bc4 0-0 8. 0-0 b6 9. Re1 Bb7 10. Ne5 c5 11. Bg5 Be7 12. Qe2 Nxe5 13. dxe5 Nd5 14. Bxe7 Qxe7 15. Qg4 Kh8 16. Rad1 Nc7 17. Nh5 Rg8 18. Re3 Rad8 19. Rxd8 Qxd8 20. Rd3 Bd5 21. Bxd5 exd5 22. Rh3 Ne6 23. f4 d4 24. Qf5 g6 25. Qxf7 gxh5 26. Qxe6 Rg4 27. Qf7 d3 28. Rxd3 1-0

[Event "VIE-ch U17"]
[Site "Vietnam"]
[Date "2012.07.18"]
[Round "9"]
[White "Bo Huynh Nhat, Truong"]
[Black "Vu, Phi Hung"]
[Result "0-1"]
[WhiteElo "1891"]
[BlackElo "2093"]
[PlyCount "46"]
[EventDate "2012.07.12"]
[EventType "swiss"]
[EventRounds "9"]
[EventCountry "VIE"]
[SourceTitle "EXT 2013"]
[Source "ChessBase"]
[SourceDate "2012.11.22"]
[SourceVersion "1"]
[SourceVersionDate "2012.11.22"]
[SourceQuality "1"]

1. e4 d5 2. exd5 Nf6 3. Ne2 Nxd5 4. g3 Bg4 5. Bg2 c6 6. d3 e5 7. a3 Bc5 8. c4 Nc7 9. Be3 Ne6 10. b4 Bd4 11. Ra2 0-0 12. Qd2 f5 13. f3 Bh5 14. Bxd4 Nxd4 15. Nxd4 Qxd4 16. Qc3 Nd7 17. Qxd4 exd4 18. f4 Rae8+ 19. Kf2 Re3 20. Rd2 Rfe8 21. Rc1 Nf6 22. Kf1 Be2+ 23. Rxe2 Rxe2 0-1

[Event "VIE-ch U17"]
[Site "Vietnam"]
[Date "2012.07.15"]
[Round "5"]
[White "Vuong, Trung Hieu"]
[Black "Vu, Phi Hung"]
[Result "1/2-1/2"]
[WhiteElo "2029"]
[BlackElo "2093"]
[PlyCount "71"]
[EventDate "2012.07.12"]
[EventType "swiss"]
[EventRounds "9"]
[EventCountry "VIE"]
[SourceTitle "EXT 2013"]
[Source "ChessBase"]
[SourceDate "2012.11.22"]
[SourceVersion "1"]
[SourceVersionDate "2012.11.22"]
[SourceQuality "1"]

1. d4 d5 2. Nf3 Nf6 3. c4 e6 4. g3 Be7 5. Bg2 0-0 6. 0-0 dxc4 7. Qc2 a6 8. Qxc4 b5 9. Qc2 Bb7 10. Bf4 Nc6 11. Rd1 Nb4 12. Qc1 Rc8 13. Nc3 Nbd5 14. Ne5 c5 15. Nxd5 Nxd5 16. dxc5 Bxc5 17. Qd2 Qe7 18. Nd3 Bb6 19. Bxd5 exd5 20. Re1 Rfe8 21. Rad1 a5 22. b4 a4 23. Qb2 Qe4 24. Nc5 Bxc5 25. bxc5 Rxc5 26. f3 Qc2 27. Rd2 Qxb2 28. Rxb2 d4 29. Rd1 g5 30. Bd6 Rd5 31. Bc7 Ba6 32. Bb6 a3 33. Rb3 Rxe2 34. Rxa3 Bb7 35. Rxd4 Rxd4 36. Bxd4 1/2-1/2

[Event "VIE-ch U17"]
[Site "Vietnam"]
[Date "2012.07.14"]
[Round "4"]
[White "Vu, Phi Hung"]
[Black "Nguyen, Ha Phuong"]
[Result "0-1"]
[WhiteElo "2093"]
[BlackElo "2005"]
[PlyCount "70"]
[EventDate "2012.07.12"]
[EventType "swiss"]
[EventRounds "9"]
[EventCountry "VIE"]
[SourceTitle "EXT 2013"]
[Source "ChessBase"]
[SourceDate "2012.11.22"]
[SourceVersion "1"]
[SourceVersionDate "2012.11.22"]
[SourceQuality "1"]

1. e4 c5 2. Nf3 e6 3. c4 Nc6 4. Nc3 Nf6 5. Be2 d5 6. exd5 exd5 7. d4 dxc4 8. d5 Na5 9. 0-0 Be7 10. Ne5 0-0 11. Nxc4 Nxc4 12. Bxc4 a6 13. a4 Qc7 14. h3 b6 15. Qf3 Bb7 16. Rd1 Bd6 17. Bg5 Be5 18. Rd2 Rfe8 19. Rad1 Qd7 20. Bxf6 Bxf6 21. Ne4 Bd4 22. Bb3 Re5 23. Nc3 Rae8 24. Kf1 g6 25. Qd3 Qe7 26. Ne2 a5 27. Qb5 Kg7 28. g3 Bc8 29. Nxd4 Bxh3+ 30. Kg1 Re1+ 31. Kh2 Bf1 32. Nc6 Qg5 33. Qxf1 Rxf1 34. Kg2 Ree1 35. f4 Qh5 0-1

[Event "ASEAN-ch U20 13th"]
[Site "Hue"]
[Date "2012.06.16"]
[Round "6"]
[White "Mohammad, Nubairshah Shaikh"]
[Black "Vu, Phi Hung"]
[Result "1-0"]
[WhiteElo "2193"]
[BlackElo "2090"]
[PlyCount "91"]
[EventDate "2012.06.11"]
[EventType "swiss"]
[EventRounds "9"]
[EventCountry "VIE"]
[SourceTitle "CBM 149 Extra"]
[Source "ChessBase"]
[SourceDate "2012.08.24"]
[SourceVersion "1"]
[SourceVersionDate "2012.08.24"]
[SourceQuality "1"]

1. d4 d5 2. c4 e6 3. Nc3 Nf6 4. cxd5 exd5 5. Bg5 Be7 6. e3 c6 7. Qc2 0-0 8. Bd3 Nbd7 9. Nf3 Re8 10. 0-0 Nf8 11. Rab1 Ne4 12. Bxe7 Qxe7 13. b4 Ng6 14. b5 Bg4 15. Bxe4 dxe4 16. Nd2 f5 17. h3 Bh5 18. bxc6 bxc6 19. Rfc1 Nf8 20. Qa4 Rec8 21. Qa6 Rc7 22. Qa5 Qd7 23. Ndxe4 Bg6 24. Nd5 Qxd5 25. Qxd5+ cxd5 26. Rxc7 fxe4 27. Rbb7 Ne6 28. Re7 Re8 29. Rxe8+ Bxe8 30. Re7 Bf7 31. Rxa7 Kf8 32. a4 Be8 33. a5 Bc6 34. a6 Ke8 35. Rb7 h5 36. Rb8+ Kd7 37. a7 Nc7 38. Rg8 Ne8 39. Rh8 g6 40. Rg8 Nc7 41. Rxg6 Na8 42. Rh6 Kc7 43. Rxh5 Kb6 44. Rh6 Kb7 45. Rh7+ Ka6 46. h4 1-0

[Event "ASEAN-ch U20 13th"]
[Site "Hue"]
[Date "2012.06.15"]
[Round "5"]
[White "Vu, Phi Hung"]
[Black "Bhakti, Kulkarni"]
[Result "1-0"]
[WhiteElo "2090"]
[BlackElo "2208"]
[PlyCount "72"]
[EventDate "2012.06.11"]
[EventType "swiss"]
[EventRounds "9"]
[EventCountry "VIE"]
[SourceTitle "CBM 149 Extra"]
[Source "ChessBase"]
[SourceDate "2012.08.24"]
[SourceVersion "1"]
[SourceVersionDate "2012.08.24"]
[SourceQuality "1"]

1. e4 d5 2. exd5 Nf6 3. d4 Bg4 4. Be2 Bxe2 5. Qxe2 Nxd5 6. Nf3 c6 7. 0-0 e6 8. c4 Nf6 9. Nc3 Be7 10. Re1 0-0 11. Bf4 Re8 12. Rad1 Nbd7 13. Ne5 Qa5 14. Rd3 Rad8 15. Rg3 c5 16. Bh6 Bf8 17. Nxd7 Rxd7 18. Qe5 Qd8 19. Ne4 Kh8 20. Nxc5 Rxd4 21. Nxb7 Qd7 22. Nc5 Qd6 23. Qg5 Rg4 24. Rxg4 Nxg4 25. Qxg4 gxh6 26. Ne4 Qe5 27. Qe2 Rd8 28. Ng3 Qg7 29. b3 Bb4 30. Rd1 Qf6 31. Nh5 Rxd1+ 32. Qxd1 Qg5 33. h4 Qe7 34. Qd4+ e5 35. Qg4 Qf8 36. Qf5 Bc5 1-0

[Event "ASEAN-ch U20 13th"]
[Site "Hue"]
[Date "2012.06.12"]
[Round "2"]
[White "Vu, Phi Hung"]
[Black "Nguyen, Van Thanh"]
[Result "1-0"]
[WhiteElo "2090"]
[BlackElo "2195"]
[PlyCount "127"]
[EventDate "2012.06.11"]
[EventType "swiss"]
[EventRounds "9"]
[EventCountry "VIE"]
[SourceTitle "CBM 149 Extra"]
[Source "ChessBase"]
[SourceDate "2012.08.24"]
[SourceVersion "1"]
[SourceVersionDate "2012.08.24"]
[SourceQuality "1"]

1. e4 e5 2. Nf3 Nc6 3. Bb5 a6 4. Ba4 Nf6 5. 0-0 Be7 6. d3 b5 7. Bb3 d6 8. c3 0-0 9. h3 Bb7 10. Re1 Re8 11. Ng5 Rf8 12. Nd2 h6 13. Ngf3 Re8 14. Nf1 Bf8 15. Ng3 g6 16. Nh4 d5 17. exd5 Na5 18. d6 Qxd6 19. Nxg6 Nxb3 20. Qxb3 Bd5 21. c4 fxg6 22. cxd5 Qxd5 23. Ne4 Qxb3 24. Nxf6+ Kf7 25. axb3 Kxf6 26. Bd2 Re6 27. b4 Rd8 28. Re3 c5 29. Rf3+ Kg7 30. bxc5 Bxc5 31. Rc1 Bb6 32. Bc3 a5 33. b3 Kg8 34. Re1 Rde8 35. Re4 Rc8 36. Rxe5 Rxe5 37. Bxe5 Rc1+ 38. Kh2 Bc7 39. Re3 b4 40. d4 Rc3 41. Bxc7 Rxc7 42. Re5 Rc3 43. Rxa5 Rxb3 44. Rb5 Rb2 45. Kg3 Kf7 46. Rb6 Rb3+ 47. Kf4 Rb2 48. Ke3 Rb3+ 49. Ke4 Rb2 50. g3 b3 51. Kd5 g5 52. f4 Rh2 53. Rxb3 Rxh3 54. fxg5 h5 55. Ke4 Rh1 56. d5 Re1+ 57. Re3 Rd1 58. Ke5 Ke7 59. g6 Rd2 60. Kf5+ Kf8 61. Ke6 h4 62. gxh4 Rg2 63. h5 Rg5 64. d6 1-0

[Event "VIE-ch"]
[Site "Can Tho"]
[Date "2012.03.23"]
[Round "8"]
[White "Le, Minh Hoang"]
[Black "Vu, Phi Hung"]
[Result "0-1"]
[WhiteElo "1780"]
[BlackElo "2105"]
[PlyCount "68"]
[EventDate "2012.03.19"]
[EventType "swiss"]
[EventRounds "9"]
[EventCountry "VIE"]
[SourceTitle "EXT 2013"]
[Source "ChessBase"]
[SourceDate "2012.11.22"]
[SourceVersion "1"]
[SourceVersionDate "2012.11.22"]
[SourceQuality "1"]

1. d4 Nf6 2. c4 c5 3. d5 e6 4. Nc3 exd5 5. cxd5 d6 6. e4 g6 7. f4 Bg7 8. Nf3 0-0 9. Bd3 a6 10. a4 Re8 11. 0-0 Nbd7 12. Kh1 Rb8 13. e5 dxe5 14. fxe5 Ng4 15. e6 fxe6 16. Ng5 Nde5 17. Nf7 Qh4 18. Bf4 Nxf7 19. Bg3 Qh5 20. Rxf7 Kxf7 21. Qf3+ Kg8 22. Bxb8 Rf8 23. Qe2 Nf2+ 24. Kg1 Bd4 25. Bc4 Ne4+ 26. Kh1 Nf2+ 27. Kg1 Nd1+ 28. Kh1 Qxe2 29. Bxe2 Nxb2 30. Rc1 exd5 31. Nxd5 Re8 32. Bf1 Be6 33. Nf4 Bf7 34. Bd6 Nxa4 0-1

[Event "VIE-ch"]
[Site "Can Tho"]
[Date "2012.03.22"]
[Round "6"]
[White "Vu, Phi Hung"]
[Black "Nguyen, Hoang Duc"]
[Result "1-0"]
[WhiteElo "2105"]
[BlackElo "1797"]
[PlyCount "69"]
[EventDate "2012.03.19"]
[EventType "swiss"]
[EventRounds "9"]
[EventCountry "VIE"]
[SourceTitle "EXT 2013"]
[Source "ChessBase"]
[SourceDate "2012.11.22"]
[SourceVersion "1"]
[SourceVersionDate "2012.11.22"]
[SourceQuality "1"]

1. e4 c5 2. Nc3 Nc6 3. Nf3 d6 4. d4 cxd4 5. Nxd4 Nf6 6. Be3 g6 7. f3 Bg7 8. Qd2 0-0 9. Bc4 Ne5 10. Bb3 Bd7 11. 0-0-0 Rb8 12. h4 b5 13. h5 Nc4 14. Bxc4 bxc4 15. hxg6 fxg6 16. Nd5 Nxd5 17. exd5 Qb6 18. c3 Qa5 19. a3 Qxd5 20. Qe2 Qb7 21. Qxc4+ Kh8 22. Qa2 e5 23. Nc2 d5 24. Nb4 d4 25. Rxh7+ Kxh7 26. Rh1+ Bh6 27. Bxh6 Rxf3 28. Bf4+ Bh3 29. gxf3 exf4 30. Rxh3+ Kg7 31. Qd5 Qxd5 32. Nxd5 g5 33. c4 Rc8 34. b3 a5 35. a4 1-0

[Event "VIE-ch"]
[Site "Can Tho"]
[Date "2012.03.20"]
[Round "3"]
[White "Vu, Phi Hung"]
[Black "Nguyen Huynh Tuan, Hai"]
[Result "1-0"]
[WhiteElo "2105"]
[BlackElo "1790"]
[PlyCount "63"]
[EventDate "2012.03.19"]
[EventType "swiss"]
[EventRounds "9"]
[EventCountry "VIE"]
[SourceTitle "EXT 2013"]
[Source "ChessBase"]
[SourceDate "2012.11.22"]
[SourceVersion "1"]
[SourceVersionDate "2012.11.22"]
[SourceQuality "1"]

1. e4 c5 2. Nf3 d6 3. d4 cxd4 4. Nxd4 Nf6 5. Nc3 a6 6. Be3 e5 7. Nb3 Be6 8. f3 Nbd7 9. g4 h6 10. Qd2 b5 11. 0-0-0 Nb6 12. Qf2 Nc4 13. Bxc4 Bxc4 14. g5 hxg5 15. Bxg5 a5 16. f4 b4 17. fxe5 Ng4 18. Qf4 f6 19. exf6 gxf6 20. Nd5 Bxd5 21. Rxd5 Qd7 22. Bxf6 Rh7 23. Rf5 Nxf6 24. Rxf6 Rf7 25. Rf1 Qh3 26. Kb1 Bh6 27. Qf5 Qxf5 28. R1xf5 Rxf6 29. Rxf6 Bf8 30. Rf5 a4 31. Nd4 Rb8 32. h4 1-0